[Event "Buenos Aires 110 Years Argentino CC"]
[Site "Buenos Aires"]
[Date "2015.04.22"]
[Round "5.4"]
[White "Funaro, Martin"]
[Black "Ruperez, Miguel Angel"]
[Result "0-1"]
[WhiteElo "1959"]
[BlackElo "2174"]
[PlyCount "74"]
[EventDate "2015.04.09"]
[EventType "swiss"]
[EventRounds "9"]
[EventCountry "ARG"]
[SourceTitle "EXT 2024"]
[Source "ChessBase"]
[SourceDate "2023.10.10"]
[SourceVersion "1"]
[SourceVersionDate "2023.10.10"]
[SourceQuality "1"]

1. d4 d5 2. c4 c6 3. Nf3 Nf6 4. Nc3 a6 5. Ne5 Nbd7 6. Nxd7 Bxd7 7. Qb3 b5 8. c5 a5 9. Bg5 a4 10. Qc2 Qa5 11. Bxf6 gxf6 12. a3 e5 13. e3 Bg7 14. Bd3 h5 15. 0-0 e4 16. Be2 Bh6 17. b3 axb3 18. Qxb3 f5 19. f4 exf3 20. Rxf3 Kf8 21. Ra2 Re8 22. Kf2 Qc7 23. g3 h4 24. Ra1 hxg3+ 25. hxg3 Bg5 26. Kg2 Rg8 27. Rh1 Rxe3 28. Rxe3 Bxe3 29. Rh3 Bxd4 30. Nxd5 cxd5 31. Bxb5 Bxb5 32. Qxb5 Qxc5 33. Qe2 Qc3 34. a4 Qb2 35. Qxb2 Bxb2 36. Rh5 Ke7 37. Rxf5 Ke6 0-1

[Event "Paraguay Gran Prix U2300 05"]
[Site "Paraguay"]
[Date "2013.06.06"]
[Round "7.5"]
[White "Valente, Hector Manuel"]
[Black "Funaro, Martin"]
[Result "1-0"]
[WhiteElo "1788"]
[BlackElo "1977"]
[PlyCount "106"]
[EventDate "2013.05.22"]
[EventType "swiss"]
[EventRounds "9"]
[EventCountry "ARG"]
[SourceTitle "EXT 2024"]
[Source "ChessBase"]
[SourceDate "2023.10.10"]
[SourceVersion "1"]
[SourceVersionDate "2023.10.10"]
[SourceQuality "1"]

1. b4 e5 2. Bb2 Bxb4 3. Bxe5 Nf6 4. Bxf6 Qxf6 5. c3 0-0 6. e3 Ba5 7. Bd3 g6 8. Qf3 Qg7 9. a4 Nc6 10. Ne2 Ne5 11. Qd5 c6 12. Qd6 Bc7 13. Qd4 b6 14. Bc2 c5 15. Qd5 Rb8 16. Qa2 Ba6 17. Na3 Nd3+ 18. Bxd3 Bxd3 19. Nb5 Be5 20. Qd5 c4 21. f4 Bf6 22. Nxa7 Rfe8 23. Nb5 Be4 24. Qxc4 d5 25. Qb3 Bxg2 26. Rg1 Be4 27. Nd6 Red8 28. Nxe4 dxe4 29. Nd4 Bxd4 30. cxd4 Qh6 31. Rg2 Qh4+ 32. Kf1 Qh3 33. Kg1 Kg7 34. Rf1 f5 35. Qe6 Qh4 36. Qxf5 Re8 37. Qg5 Qxg5 38. Rxg5 Ra8 39. Rb5 Rxa4 40. Rxb6 Ra2 41. Rd1 Kh6 42. Rb5 Rc8 43. Kf1 Ra6 44. Re5 Rf8 45. Ke2 Kg7 46. Rxe4 Rf5 47. Re5 Rf7 48. h4 h6 49. Rg1 Kf6 50. Rc1 Kg7 51. d5 g5 52. hxg5 hxg5 53. Rxg5+ Kf6 1-0